[Event "RSA-chT U18"]
[Site "Cape Town"]
[Date "2016.01.06"]
[Round "6.10"]
[White "Geswint, Brenley"]
[Black "Jurisich, Ashley"]
[Result "1-0"]
[WhiteElo "1148"]
[BlackElo "944"]
[PlyCount "73"]
[EventDate "2016.01.04"]
[EventType "team-tourn"]
[EventRounds "7"]
[EventCountry "RSA"]
[SourceTitle "CBM 170 Extra"]
[Source "ChessBase"]
[SourceDate "2016.02.25"]
[SourceVersion "1"]
[SourceVersionDate "2016.02.25"]
[SourceQuality "1"]
[WhiteTeam "Nelson Mandela Bay"]
[BlackTeam "Johannesburg Metro"]
[WhiteTeamCountry "RSA"]
[BlackTeamCountry "RSA"]

1. d4 b6 2. e4 Bb7 3. Nc3 e6 4. a3 Nf6 5. Bd3 d6 6. Nf3 Nbd7 7. Bf4 h6 8. 0-0 g5 9. Bg3 c5 10. dxc5 dxc5 11. Nb5 Be7 12. Nc7+ Kf8 13. Nxa8 Qxa8 14. Re1 Nxe4 15. Bxe4 Bxe4 16. Rxe4 Qxe4 17. Qxd7 g4 18. Re1 Qf5 19. Ne5 h5 20. Nc6 Bf6 21. Be5 Bxe5 22. Rxe5 Qf6 23. g3 h4 24. Qxa7 hxg3 25. fxg3 Qh6 26. Qe7+ Kg7 27. Rg5+ Qg6 28. Rxg6+ Kxg6 29. Ne5+ Kf5 30. Nxf7 Rh7 31. Nd6+ Kg6 32. Qxe6+ Kg7 33. Qf7+ Kh6 34. Qf6+ Kh5 35. Ne4 Rg7 36. Qxg7 c4 37. Qg5# 1-0